| 000 | 00593nam a2200205Ia 4500 | ||
|---|---|---|---|
| 003 | OSt | ||
| 005 | 20230622120358.0 | ||
| 008 | 210423s2014 xx 000 0 und d | ||
| 020 | _a9788189301057 | ||
| 040 | _cAL | ||
| 041 | _aeng | ||
| 082 |
_a530.02 KUSS _223 |
||
| 100 |
_aKUSHWAHA (Sunil);SINGH (M N). _999837 |
||
| 245 | _aUGC CSIR NET for JRF/lectureship: physical sciences. | ||
| 260 |
_aNew Delhi _bDanika publishing company _c2014 |
||
| 300 |
_aviii,503,60 _bPB |
||
| 365 |
_b550 _cINR |
||
| 906 | _aCSIR ; JRF/lectureship: ; NET ; physical ; sciences. ; UGC | ||
| 942 |
_2ddc _cBK |
||
| 999 |
_c162436 _d162436 |
||